000 00937nas a2200325 4500
001 BR0200381
003 BR-BrBNA
005 20231205102652.0
007 ta
008 230509b bl.|||p| |||| 00| 00por d
040 _aBR-BrBNA
_bpor
_cBiblioteca Nacional de Agricultura
041 _a(Pt)
072 _aF30
100 1 _aReis, E.F. dos
100 1 _aReis, M.S.
100 1 _aCruz, C.D.
100 1 _aSediyama, T.
100 1 _aSediyama, C.S.
245 1 _aResposta esperada à seleção correlacionada em uma população F6 de soja
650 _aSOJA
650 _aMELHORAMENTO GENÉTICO VEGETAL
650 _aRENDIMENTO
650 _aGRÃO
650 _aMATURAÇÃO
650 _aRESPOSTA DA PLANTA
650 _aPOPULAÇÃO DE PLANTA
773 0 _tRevista Ceres (Brazil)
_xISSN 0034-737X
_g(Mar-Apr 2001), v. 48(276) p. 169-179
_wBR0200381
909 _a202311
_bLúcia
_c55
_dLúcia Elande
942 _2AGRIS
_n0
_cANA
999 _c168714
_d168714